| 000 | 00453nam a2200181Ia 4500 | ||
|---|---|---|---|
| 005 | 20250423095123.0 | ||
| 008 | 250422s9999 xx 000 0 und d | ||
| 020 | _a081570030X | ||
| 050 | _aHD 7125 .A178/ | ||
| 100 | _aAaron, Henry J. | ||
| 245 | 0 | _aEconomic effects of social security | |
| 260 | _aWashington | ||
| 260 | _bBrookings Institution | ||
| 260 | _cc1982 | ||
| 300 | _a84 p | ||
| 650 | _aSocial security_United States. | ||
| 942 | _cBK | ||
| 999 |
_c29298 _d29298 |
||